00703cam a22002417a 4500003000500000005001700005008004100022010001000063011001100073020001800084035001100102040000900113082002100122245005400143260002300197300001700220490006600237650003200303650001900335650001100354650003000365830006600395CHAP20220817044355.0100913s2009 it rn 00010 fre d a99249 a100221 a9789052061861 a110907 cCHAP a639.2bF41f v.1200aInformation et partage des connaissancesc/by FAO aRome :bFAO,c2009 axvii, 104 p. 0aFAO. Orientaciones técnicas para la pesca responsablev; 1214aConocimiento, Teoría del.14aInformación.14aPesca.14aSistema de información. 0aFAO. Orientaciones técnicas para la pesca responsablev; 12